Language planning for development in Africa / (Record no. 13744)

MARC details
000 -LEADER
fixed length control field 00745nam a22002292 4500
001 - CONTROL NUMBER
control field 0000019971
005 - DATE AND TIME OF LATEST TRANSACTION
control field 20151217155904.0
008 - FIXED-LENGTH DATA ELEMENTS--GENERAL INFORMATION
fixed length control field 110405s xx 000 0 eng d
020 ## - INTERNATIONAL STANDARD BOOK NUMBER
International Standard Book Number 996685441X :
040 ## - CATALOGING SOURCE
Original cataloging agency KABu
Transcribing agency KABU
245 10 - TITLE STATEMENT
Title Language planning for development in Africa /
Statement of responsibility, etc. Kembo-Sure..... et al (editors)
250 ## - EDITION STATEMENT
Edition statement 1st ed.
260 ## - PUBLICATION, DISTRIBUTION, ETC. (IMPRINT)
Place of publication, distribution, etc. Moi University, Eldoret :
Name of publisher, distributor, etc. Moi university press,
Date of publication, distribution, etc. 2006.
300 ## - PHYSICAL DESCRIPTION
Extent xvi, 165 p.
650 #0 - SUBJECT ADDED ENTRY--TOPICAL TERM
Topical term or geographic name as entry element Language planning
Geographic subdivision Africa.
-- 0000179997
650 #0 - SUBJECT ADDED ENTRY--TOPICAL TERM
Topical term or geographic name as entry element Language policy
Geographic subdivision Africa.
-- 0000179998
700 1# - ADDED ENTRY--PERSONAL NAME
Personal name Mwangi, Sera.
-- 0000179999
700 1# - ADDED ENTRY--PERSONAL NAME
Personal name Ogechi, Nathan O.
-- 0000180000
852 1# - LOCATION
-- p600 KES
908 ## - PUT COMMAND PARAMETER (RLIN)
Put command parameter 110405
950 ## - LOCAL HOLDINGS (RLIN)
-- 1
Holdings
Withdrawn status Lost status Source of classification or shelving scheme Not for loan Home library Current library Date acquired Total Checkouts Full call number Barcode Date last seen Price effective from Koha item type
    Library of Congress Classification   Kabarak, Main Campus Kabarak, Main Campus 17/12/2015   P40.5 .L36 2006 c.1 21889 17/12/2015 17/12/2015 Africana Collection
Designed with assistance from East African Informatics Ltd